{"text_format":"3","workbook":"xlsx","n_sheets":1,"sheets":["Протокол ШЭ ВОШ по предмету"],"not_rendered":{"defined_names":1},"read":"whole","date_system":"1900"}

{"sheet":"Протокол ШЭ ВОШ по предмету","index":0,"n_rows":45,"n_cols":19,"rows_kept":45}
["№","Код ОО","Наименование ОО","Фамилия","Имя","Отчество","Дата рождения","Пол","Участник с ОВЗ (да/нет)","Класс обучения","Класс участия","Балл","Добавлено баллов по итогам апелляций","Итоговый балл","Максимальный балл","Статус","Призёр республиканского этапа прошлого года","ФИО учителя","Место работы учителя"]
[1,480009,"Муниципальное бюджетное общеобразовательное учреждение «Большетарханская средняя общеобразовательная школа» Тетюшского муниципального района РТ","Султанов","Самат","Фанисович","2008-02-03","М","нет",7,7,92.8,null,92.8,100,"победитель",null,"Декаева Елена Юрьевна","Муниципальное бюджетное общеобразовательное учреждение \"Большетарханская средняя общеобразовательная школа Тетюшского муниципального района Республики Татарстан"]
[2,480014,"Государственное бюджетное общеобразовательное учреждение «Тетюшская кадетская школа-интернат имени генерал - майора Хапаева Владимира Аверкиевича»","Губанов","Данил","Николаевич","2007-12-06","М","нет",7,7,72.1,null,72.1,100,"участник",null,"Тайманов М.Я.","ГБОУ \"Тетюшская кадетская школа-интернат им.Хапаева В.А.\""]
[3,480015,"Муниципальное бюджетное общеобразовательное учреждение «Кильдюшевская средняя общеобразовательная школа» Тетюшского муниципального района Республики Татарстан","Петрова","Анна","Сергеевна","2008-04-11","Ж","нет",7,7,74.5,null,74.5,100,"участник",null,"Исаев Н.С.","МБОУ \"Кильдюшевская СОШ\""]
[4,480004,"Муниципальное бюджетное общеобразовательное учреждение «Алабердинская средняя общеобразовательная школа» Тетюшского муниципального района РТ","Шаехов","Альмир","Рафаэлович","2008-07-11","М","нет",7,7,40.3,null,40.3,100,"участник",null,"Фатхуллин Таслим Гибадуллович","МБОУ «Алабердинская средняя общеобразовательная школа»  Тетюшского муниципального района РТ "]
[5,480004,"Муниципальное бюджетное общеобразовательное учреждение «Алабердинская средняя общеобразовательная школа» Тетюшского муниципального района РТ","Сафиуллина","Фанзиля","Равилевна","2008-06-12","Ж","нет",7,7,89,null,89,100,"победитель",null,"Фатхуллин Таслим Гибадуллович","МБОУ «Алабердинская средняя общеобразовательная школа»  Тетюшского муниципального района РТ "]
[6,480008,"Муниципальное бюджетное общеобразовательное учреждение «Богдашкинская основная общеобразовательная школа» Тетюшского муниципального района РТ","Волкова","Анастасия","Алексеевна","2009-02-03","Ж","нет",7,7,66.9,null,66.9,100,"участник",null,"Косов Евгений Александрович","Муниципальное бюджетное общеобразовательное учреждение \"Богдашкинская основная общеобразовательная школа\" Тетюшского района Республики Татарстан"]
[7,480008,"Муниципальное бюджетное общеобразовательное учреждение «Богдашкинская основная общеобразовательная школа» Тетюшского муниципального района РТ","Краснова","Яна","Ивановна","2008-09-01","Ж","нет",7,7,72.3,null,72.3,100,"участник",null,"Косов Евгений Александрович","Муниципальное бюджетное общеобразовательное учреждение \"Богдашкинская основная общеобразовательная школа\" Тетюшского района Республики Татарстан"]
[8,480021,"Муниципальное бюджетное общеобразовательное учреждение «Нармонская средняя общеобразовательная школа» Тетюшского муниципального района РТ","Гаврилова","Александра","Владимировна","2008-05-09","Ж","нет",7,7,69.9,null,69.9,100,"участник",null,"Волков Евгений Пертович","Муниципальное бюджетное общеобразовательное учреждение «Нармонская средняя общеобразовательная школа» Тетюшского муниципального района РТ"]
[9,480021,"Муниципальное бюджетное общеобразовательное учреждение «Нармонская средняя общеобразовательная школа» Тетюшского муниципального района РТ","Панов","Иван","Евгеньевич","2008-02-28","М","нет",7,7,65.7,null,65.7,100,"участник",null,"Волков Евгений Пертович","Муниципальное бюджетное общеобразовательное учреждение «Нармонская средняя общеобразовательная школа» Тетюшского муниципального района РТ"]
[10,480009,"Муниципальное бюджетное общеобразовательное учреждение \"Большетарханская средняя общеобразовательная школа\" Тетюшского муниципального района Республики Татарстан","Миназова","Рамиля","Рамилевна","2007-05-12","Ж","нет",8,8,81.4,null,81.4,100,"призер",null,"Декаева Елена Юрьевна","Муниципальное бюджетное общеобразовательное учреждение \"Большетарханская средняя общеобразовательная школа\" Тетюшского муниципального района Республики Татарстан"]
[11,480024,"Муниципальное бюджетное общеобразовательное учреждение «Тоншерминская средняя общеобразовательная школа» Тетюшского муниципального района РТ","Добридень","Егор","Николаевич","2007-04-30","М","нет",8,8,75.9,null,75.9,100,"участник",null,"Шарафиев Ильдар Нуртдинович","Муниципальное бюджетное общеобразовательное учреждение \"Тоншерминская СОШ\" Тетюшского района Республики Татарстан"]
[12,480006,"Муниципальное бюджетное общеобразовательное учреждение «Бакрчинская средняя общеобразовательная школа» Тетюшского муниципального района РТ","Климова","Ситора","Владимировна","2007-01-15","Ж","нет",8,8,82,null,82,100,"призер",null,"Рыжов Геннадий Иванович","Муниципальное бюджетное общеобразовательное учреждение \"Бакрчинская СОШ\" Тетюшского района Республики Татарстан"]
[13,480014,"Государственное бюджетное общеобразовательное учреждение «Тетюшская кадетская школа-интернат имени генерал - майора Хапаева Владимира Аверкиевича»","Сироткина","Виктория","Владимировна","2007-08-01","Ж","нет",8,8,75.2,null,75.2,100,"участник",null,"Тайманов М.Я.","ГБОУ \"Тетюшская кадетская школа-интернат им.Хапаева В.А.\""]
[14,480004,"Муниципальное бюджетное общеобразовательное учреждение «Алабердинская средняя общеобразовательная школа» Тетюшского муниципального района РТ","Сайфуллин","Ильмир","Ильнурович","2007-12-20","М","нет",8,8,72.7,null,72.7,100,"участник",null,"Фатхуллин Таслим Гибадуллович","МБОУ «Алабердинская средняя общеобразовательная школа»  Тетюшского муниципального района РТ "]
[15,480002,"Муниципальное бюджетное общеобразовательное учреждение «Тетюшская средняя общеобразовательная школа №2» Тетюшского муниципального района РТ","Понедельников","Евгений","Дмитриевич","2007-08-21","М","нет",8,8,85.5,null,85.5,100,"призер",null,"Малкин Е.В.","МБОУ \"ТСОШ №2\""]
[16,480001,"Муниципальное бюджетное общеобразовательное учреждение «Тетюшская средняя общеобразовательная школа №1 имени Героя Советского Союза Ханжина Павла Семеновича» Тетюшского муниципального района Республики Татарстан - «Школа-центр компетенции в электронном образовании»","Матаев","Константин","Олегович","2007-07-24","М","нет",8,8,76.6,null,76.6,100,"призер",null,"Подгорнова Александра Валерьевна","МБОУ \"Тетюшская СОШ №1 им.Ханжина П.С.\" Тетюшского муниципального района РТ"]
[17,480001,"Муниципальное бюджетное общеобразовательное учреждение «Тетюшская средняя общеобразовательная школа №1 имени Героя Советского Союза Ханжина Павла Семеновича» Тетюшского муниципального района Республики Татарстан - «Школа-центр компетенции в электронном образовании»","Ванюхин","Виталий","Андреевич","2007-07-26","М","нет",8,8,40.8,null,40.8,100,"участник",null,"Тихонова Валентина Александровна","МБОУ \"Тетюшская СОШ №1 им.Ханжина П.С.\" Тетюшского муниципального района РТ"]
[18,480001,"Муниципальное бюджетное общеобразовательное учреждение «Тетюшская средняя общеобразовательная школа №1 имени Героя Советского Союза Ханжина Павла Семеновича» Тетюшского муниципального района Республики Татарстан - «Школа-центр компетенции в электронном образовании»","Богатырёва","Ксения","Константиновна","2007-10-14","Ж","нет",8,8,71.5,null,71.5,100,"участник",null,"Подгорнова Александра Валерьевна","МБОУ \"Тетюшская СОШ №1 им.Ханжина П.С.\" Тетюшского муниципального района РТ"]
[19,480001,"Муниципальное бюджетное общеобразовательное учреждение «Тетюшская средняя общеобразовательная школа №1 имени Героя Советского Союза Ханжина Павла Семеновича» Тетюшского муниципального района Республики Татарстан - «Школа-центр компетенции в электронном образовании»","Чугунова","Виктория","Павловна","2007-10-19","Ж","нет",8,8,75.6,null,75.6,100,"участник",null,"Подгорнова Александра Валерьевна","МБОУ \"Тетюшская СОШ №1 им.Ханжина П.С.\" Тетюшского муниципального района РТ"]
[20,480018,"Муниципальное бюджетное общеобразовательное учреждение «Кошки-Новотимбаевская основная общеобразовательная школа имени И.Я.Яковлева» Тетюшского муниципального района РТ","Ефимов","Егор ","Сергеевич ","2007-08-12","М","нет",8,8,67.2,null,67.2,100,"участник",null,"Абраконов Сергей Сергеевич ","МБОУ \"Кошки-Новотимбаевская ООШ имени И.Я. яковлева\""]
[21,480006,"Муниципальное бюджетное общеобразовательное учреждение «Бакрчинская средняя общеобразовательная школа» Тетюшского муниципального района РТ","Сидоров","Денис","Олегович","2006-07-19","М","нет",9,9,91.5,null,91.5,100,"победитель",null,"Рыжов Геннадий Иванович","Муниципальное бюджетное общеобразовательное учреждение \"Бакрчинская СОШ\" Тетюшского района Республики Татарстан"]
[22,480014,"Государственное бюджетное общеобразовательное учреждение «Тетюшская кадетская школа-интернат имени генерал - майора Хапаева Владимира Аверкиевича»","Данилова","Яна","Александровна","2006-07-21","Ж","нет",9,9,70.6,null,70.6,100,"участник",null,"Тайманов М.Я.","ГБОУ \"Тетюшская кадетская школа-интернат им.Хапаева В.А.\""]
[23,480015,"Муниципальное бюджетное общеобразовательное учреждение «Кильдюшевская средняя общеобразовательная школа» Тетюшского муниципального района Республики Татарстан","Маврина","Кристина","Николаевна","2006-08-13","Ж","нет",9,9,79.8,null,79.8,100,"призер",null,"Исаев Н.С.","МБОУ \"Кильдюшевская СОШ\""]
[24,480015,"Муниципальное бюджетное общеобразовательное учреждение «Кильдюшевская средняя общеобразовательная школа» Тетюшского муниципального района Республики Татарстан","Петрунин","Евгений","Владимирович","2006-04-27","М","нет",9,9,73.2,null,73.2,100,"участник",null,"Исаев Н.С.","МБОУ \"Кильдюшевская СОШ\""]
[25,480005,"Муниципальное бюджетное общеобразовательное учреждение «Байрашевская основная общеобразовательная школа» Тетюшского муниципального района Республики Татарстан","Хайруллин","Инсаф","Исламович","2006-09-14","М","нет",9,9,78.7,null,78.7,100,"участник",null,"Минвалиев Зуфар Закиевич","Муниципальное бюджетное общеобразовательное учреждение \"Байрашевская основная общеобразовательная школа\" Тетюшского муниципального района"]
[26,480011,"Муниципальное бюджетное общеобразовательное учреждение «Большешемякинская средняя общеобразовательная школа» Тетюшского муниципального района РТ","Лашманов","Сергей","Игоревич","2007-04-23","М","нет",9,9,9.3,null,9.3,100,"участник",null,"Тимесков Владимир Николаевич","Муниципальное бюджетное общеобразовательное учреждение \"Большешемякинская средняя общеобразовательная школа\" Тетюшского муниципального района Республики Татарстан"]
[27,480011,"Муниципальное бюджетное общеобразовательное учреждение «Большешемякинская средняя общеобразовательная школа» Тетюшского муниципального района РТ","Чайкин","Максим","Евгеньевич","2006-08-30","М","нет",9,9,66.3,null,66.3,100,"участник",null,"Тимесков Владимир Николаевич","Муниципальное бюджетное общеобразовательное учреждение \"Большешемякинская средняя общеобразовательная школа\" Тетюшского муниципального района Республики Татарстан"]
[28,480001,"Муниципальное бюджетное общеобразовательное учреждение «Тетюшская средняя общеобразовательная школа №1 имени Героя Советского Союза Ханжина Павла Семеновича» Тетюшского муниципального района Республики Татарстан - «Школа-центр компетенции в электронном образовании»","Камаева","Софья","Анатольевна","2006-09-30","Ж","нет",9,9,70.6,null,70.6,100,"участник",null,"Подгорнова Александра Валерьевна","МБОУ \"Тетюшская СОШ №1 им.Ханжина П.С.\" Тетюшского муниципального района РТ"]
[29,480023,"Муниципальное бюджетное общеобразовательное учреждение «Тетюшская татарская средняя общеобразовательная школа» Тетюшского муниципального района РТ","Логинова","Элина","Алексеевна","2006-12-06","Ж","нет",9,9,67.7,null,67.7,100,"участник",null,"Гимадеев Ильдар Абдуллович","Муниципальное бюджетное общеобразовательное учреждение «Тетюшская татарская средняя общеобразовательная школа» Тетюшского муниципального района РТ"]
[30,480023,"Муниципальное бюджетное общеобразовательное учреждение «Тетюшская татарская средняя общеобразовательная школа» Тетюшского муниципального района РТ","Кузнецова","Карина","Александровна","2006-10-07","Ж","нет",9,9,38.3,null,38.3,100,"участник",null,"Гимадеев Ильдар Абдуллович","Муниципальное бюджетное общеобразовательное учреждение «Тетюшская татарская средняя общеобразовательная школа» Тетюшского муниципального района РТ"]
[31,480009,"Муниципальное бюджетное общеобразовательное учреждение «Большетарханская средняя общеобразовательная школа» Тетюшского муниципального района РТ","Куркин","Даниль","Илгизович","2005-10-27","М","нет",10,10,80.8,null,80.8,100,"участник",null,"Декаева Елена Юрьевна","Муниципальное бюджетное общеобразовательное учреждение \"Большетарханская средняя общеобразовательная школа\" Тетюшского муниципального района Республики Татарстан"]
[32,480014,"Государственное бюджетное общеобразовательное учреждение «Тетюшская кадетская школа-интернат имени генерал - майора Хапаева Владимира Аверкиевича»","Сорокин","Егор","Сергеевич","2005-10-20","М","нет",10,10,75.6,null,75.6,100,"участник",null,"Тайманов М.Я.","ГБОУ \"Тетюшская кадетская школа-интернат им.Хапаева В.А.\""]
[33,480004,"Муниципальное бюджетное общеобразовательное учреждение «Алабердинская средняя общеобразовательная школа» Тетюшского муниципального района РТ","Зайнуллин","Разиль","Рашитович","2006-03-16","М","нет",10,10,69.4,null,69.4,100,"участник",null,"Фатхуллин Таслим Гибадуллович","МБОУ «Алабердинская средняя общеобразовательная школа»  Тетюшского муниципального района РТ "]
[34,480002,"Муниципальное бюджетное общеобразовательное учреждение «Тетюшская средняя общеобразовательная школа №2» Тетюшского муниципального района РТ","Малкин","Дмитрий","Евгеньевич","2005-08-15","М","нет",10,10,83.8,null,83.8,100,"участник",null,"Малкин Е.В.","МБОУ \"ТСОШ №2\""]
[35,480002,"Муниципальное бюджетное общеобразовательное учреждение «Тетюшская средняя общеобразовательная школа №2» Тетюшского муниципального района РТ","Сударикова ","Лиана","Александровна","2005-11-23","Ж","нет",10,10,15.6,null,15.6,100,"участник",null,"Малкин Е.В.","МБОУ \"ТСОШ №2\""]
[36,480001,"Муниципальное бюджетное общеобразовательное учреждение «Тетюшская средняя общеобразовательная школа №1 имени Героя Советского Союза Ханжина Павла Семеновича» Тетюшского муниципального района Республики Татарстан - «Школа-центр компетенции в электронном образовании»","Богатырёва","Вероника","Константиновна","2005-03-18","Ж","нет",10,10,79.5,null,79.5,100,"призер",null,"Знатнов Сергей Федорович","МБОУ \"Тетюшская СОШ №1 им.Ханжина П.С.\" Тетюшского муниципального района РТ"]
[37,480001,"Муниципальное бюджетное общеобразовательное учреждение «Тетюшская средняя общеобразовательная школа №1 имени Героя Советского Союза Ханжина Павла Семеновича» Тетюшского муниципального района Республики Татарстан - «Школа-центр компетенции в электронном образовании»","Богданова","Дарья","Алексеевна","2005-03-03","Ж","нет",10,10,90.4,null,90.4,100,"победитель",null,"Знатнов Сергей Федорович","МБОУ \"Тетюшская СОШ №1 им.Ханжина П.С.\" Тетюшского муниципального района РТ"]
[38,480001,"Муниципальное бюджетное общеобразовательное учреждение «Тетюшская средняя общеобразовательная школа №1 имени Героя Советского Союза Ханжина Павла Семеновича» Тетюшского муниципального района Республики Татарстан - «Школа-центр компетенции в электронном образовании»","Гафуров","Ильяз","Радикович","2006-01-26","М","нет",10,10,83.3,null,83.3,100,"участник",null,"Знатнов Сергей Федорович","МБОУ \"Тетюшская СОШ №1 им.Ханжина П.С.\" Тетюшского муниципального района РТ"]
[39,480023,"Муниципальное бюджетное общеобразовательное учреждение «Тетюшская татарская средняя общеобразовательная школа» Тетюшского муниципального района РТ","Кириллов","Савелий","Андреевич","2005-03-08","М","нет",10,10,35.5,null,35.5,100,"участник",null,"Гимадеев Ильдар Абдуллович","Муниципальное бюджетное общеобразовательное учреждение «Тетюшская татарская средняя общеобразовательная школа» Тетюшского муниципального района РТ"]
[40,480024,"Муниципальное бюджетное общеобразовательное учреждение «Тоншерминская средняя общеобразовательная школа» Тетюшского муниципального района РТ","Майоров","Вадим","Михайлович","2004-06-07","М","нет",11,11,83.9,null,83.9,100,"участник",null,"Шарафиев Ильдар Нуртдинович","Муниципальное бюджетное общеобразовательное учреждение \"Тоншерминская СОШ\" Тетюшского района Республики Татарстан"]
[41,480011,"Муниципальное бюджетное общеобразовательное учреждение «Большешемякинская средняя общеобразовательная школа» Тетюшского муниципального района РТ","Павлов","Сергей","Олегович","2004-08-18","М","нет",11,11,68.5,null,68.5,100,"участник",null,"Тимесков Владимир Николаевич","Муниципальное бюджетное общеобразовательное учреждение \"Большешемякинская средняя общеобразовательная школа\" Тетюшского муниципального района Республики Татарстан"]
[42,480001,"Муниципальное бюджетное общеобразовательное учреждение «Тетюшская средняя общеобразовательная школа №1 имени Героя Советского Союза Ханжина Павла Семеновича» Тетюшского муниципального района Республики Татарстан - «Школа-центр компетенции в электронном образовании»","Мингалиев","Ильназ","Марданович","2004-05-09","М","нет",11,11,84.2,null,84.2,100,"призер",null,"Тихонова Валентина Александровна","МБОУ \"Тетюшская СОШ №1 им.Ханжина П.С.\" Тетюшского муниципального района РТ"]
[43,480001,"Муниципальное бюджетное общеобразовательное учреждение «Тетюшская средняя общеобразовательная школа №1 имени Героя Советского Союза Ханжина Павла Семеновича» Тетюшского муниципального района Республики Татарстан - «Школа-центр компетенции в электронном образовании»","Розов","Алексей","Андреевич","2004-08-28","М","нет",11,11,88.9,null,88.9,100,"призер",null,"Тихонова Валентина Александровна","МБОУ \"Тетюшская СОШ №1 им.Ханжина П.С.\" Тетюшского муниципального района РТ"]
[44,480011,"Муниципальное бюджетное общеобразовательное учреждение «Большешемякинская средняя общеобразовательная школа» Тетюшского муниципального района РТ","Савелькина ","Елизавета","Александровна","2005-01-12","Ж","нет",11,11,42.7,null,42.7,100,"участник",null,"Тимесков Владимир Николаевич","Муниципальное бюджетное общеобразовательное учреждение \"Большешемякинская средняя общеобразовательная школа\" Тетюшского муниципального района Республики Татарстан"]